000 00810nam a2200229 4500
001 144728
003 ES-MaACL
005 20230906201102.0
007 t|
008 070214s1979 sp r ||||1| spa d
100 1 _aSkolimowski, Henryk.
_9106753
245 1 0 _aRacionalidad evolutiva /
_cHenryk Skolimowski ; versión... de Carmen García Trevijano y Francisco Soto Pinazo.
260 _aValencia :
_bUniversidad, Departamento de Lógica,
_c1979 (
_fSoler)
300 _a50 p. ;
_c19 cm.
490 1 _aCuadernos Teorema
700 1 _aGarcía Trevijano, Carmen.
_955342
700 1 _aSoto Pinazo, Francisco.
_9107524
710 2 _aUniversidad de Valencia.
_bDepartamento de Lógica.
_97322
830 0 _aCuadernos Teorema
_9180999
852 _aES-MaACL
_j2102-F-21
_bR.98813
999 _c144728
_d144728